000 00277nam a22001337a 4500
008 170710b xxu||||| |||| 00| 0 eng d
020 _a071663192-X
041 _aeng
080 _a030
100 _a23
101 _aENC
245 _aTHE HEAVENS
_cKERROD,R
942 _2udc
_cBK
999 _c20181
_d20181